00291nam a2200121Ia 45000030006000000080041000060400015000471000019000622450025000812600034001065460012001400050017001520STCL150530s9999 xx 000 0 und d aSTCLcSTCL aSurrey, M.J.C. aMacroeconomic themes bOxford University pressc1976 aEnglish20220125165650.0